000
00326nam a22001457a 4500
008
210309b ||||| |||| 00| 0 eng d
020
_a
9780201749663
041
_a
eng
080
_2
2nd
_a
51
082
_a
51
100
_a
36
101
_a
MAT
245
_a
Beginning and Intermediate Algebra
_c
Lial, M.L
942
_2
udc
_c
BK
999
_c
56093
_d
56093